000 00552nam a2200205 a 4500
005 20140311161031.0
008 090107s19uu xx 00 eng d
020 _a9780070137905
050 _aHF 5549
_b.K26 2007
100 _aKehoe, Daniel
245 _aDeveloping high-performance teams. /
_cDaniel Kehoe
260 _aAustralia :
_bMcGraw-Hill,
_c2007.
300 _a51 p. :
_bill. col. ;
_c24 cm.
521 _aBSBA
650 _aBSBA.
650 _aTeams in the workplace.
942 _cBK
_2lcc
_kFOR
999 _c23403
_d23403